000 00709nam a2200241Ia 4500
003 OSt
005 20220918184707.0
006 a|||||r|||| 00| 0
007 ta
008 220917b |||||||| |||| 00| 0 eng d
024 _a47,632
037 _cTextual
040 _aARTS
_cARTS
_beng
041 _2eng
_aeng
082 _aP:1, J1
100 _aPike Kenneth L
_921313
245 0 _aPhonetics
_b a critical analysis of phonetic theory and a technic for the practical description of sounds
260 _c1951
490 _aUniversity oif Michigan Publication language and literature; 21
650 _aLINGUISTICS
942 _hP:1, J1
_cTEXL
_2CC
999 _c177477
_d177477